<?xml version="1.0" encoding="UTF-8"?>
<record
    xmlns:xsi="http://www.w3.org/2001/XMLSchema-instance"
    xsi:schemaLocation="http://www.loc.gov/MARC21/slim http://www.loc.gov/standards/marcxml/schema/MARC21slim.xsd"
    xmlns="http://www.loc.gov/MARC21/slim">

  <leader>00506    a2200205   4500</leader>
  <controlfield tag="001">069278</controlfield>
  <controlfield tag="003">OSt</controlfield>
  <controlfield tag="005">20251211151233.0</controlfield>
  <controlfield tag="008">                                        </controlfield>
  <datafield tag="020" ind1=" " ind2=" ">
    <subfield code="a">9788185015910</subfield>
  </datafield>
  <datafield tag="082" ind1=" " ind2=" ">
    <subfield code="a">519.72</subfield>
    <subfield code="b">H11L</subfield>
  </datafield>
  <datafield tag="100" ind1="1" ind2=" ">
    <subfield code="a">Hadley, G.</subfield>
  </datafield>
  <datafield tag="245" ind1="1" ind2=" ">
    <subfield code="a">Linear programming</subfield>
    <subfield code="c">by G. Hadley</subfield>
  </datafield>
  <datafield tag="260" ind1=" " ind2=" ">
    <subfield code="a">New Delhi</subfield>
    <subfield code="b">Narosa Publication</subfield>
    <subfield code="c">2002</subfield>
  </datafield>
  <datafield tag="300" ind1=" " ind2=" ">
    <subfield code="a">xii, 520p.</subfield>
    <subfield code="b">Paperback</subfield>
  </datafield>
  <datafield tag="546" ind1=" " ind2=" ">
    <subfield code="a">English</subfield>
  </datafield>
  <datafield tag="650" ind1=" " ind2=" ">
    <subfield code="a">Linear programming</subfield>
  </datafield>
  <datafield tag="650" ind1=" " ind2=" ">
    <subfield code="a">Mathematics</subfield>
  </datafield>
  <datafield tag="942" ind1=" " ind2=" ">
    <subfield code="2">ddc</subfield>
    <subfield code="c">BK</subfield>
  </datafield>
  <datafield tag="999" ind1=" " ind2=" ">
    <subfield code="c">2860</subfield>
    <subfield code="d">2860</subfield>
  </datafield>
  <datafield tag="952" ind1=" " ind2=" ">
    <subfield code="0">0</subfield>
    <subfield code="1">0</subfield>
    <subfield code="4">0</subfield>
    <subfield code="7">0</subfield>
    <subfield code="8">TXB</subfield>
    <subfield code="a">CURAJ</subfield>
    <subfield code="b">CURAJ</subfield>
    <subfield code="d">2015-09-11</subfield>
    <subfield code="e">MTH</subfield>
    <subfield code="g">0.00</subfield>
    <subfield code="l">5</subfield>
    <subfield code="o">519.72 H11L</subfield>
    <subfield code="p">25063</subfield>
    <subfield code="r">2025-07-15</subfield>
    <subfield code="s">2025-07-15</subfield>
    <subfield code="w">2020-09-02</subfield>
    <subfield code="y">BK</subfield>
  </datafield>
  <datafield tag="952" ind1=" " ind2=" ">
    <subfield code="0">0</subfield>
    <subfield code="1">0</subfield>
    <subfield code="4">0</subfield>
    <subfield code="7">0</subfield>
    <subfield code="8">TXB</subfield>
    <subfield code="a">CURAJ</subfield>
    <subfield code="b">CURAJ</subfield>
    <subfield code="d">2015-09-11</subfield>
    <subfield code="e">MTH</subfield>
    <subfield code="g">0.00</subfield>
    <subfield code="l">3</subfield>
    <subfield code="o">519.72 H11L</subfield>
    <subfield code="p">25064</subfield>
    <subfield code="r">2025-02-10</subfield>
    <subfield code="s">2025-01-27</subfield>
    <subfield code="w">2020-09-02</subfield>
    <subfield code="y">BK</subfield>
  </datafield>
  <datafield tag="952" ind1=" " ind2=" ">
    <subfield code="0">0</subfield>
    <subfield code="1">0</subfield>
    <subfield code="4">0</subfield>
    <subfield code="7">0</subfield>
    <subfield code="a">CURAJ</subfield>
    <subfield code="b">CURAJ</subfield>
    <subfield code="d">2012-03-07</subfield>
    <subfield code="g">220.00</subfield>
    <subfield code="l">3</subfield>
    <subfield code="o">519.72 H11L</subfield>
    <subfield code="p">3565</subfield>
    <subfield code="r">2024-11-21</subfield>
    <subfield code="s">2024-03-15</subfield>
    <subfield code="w">2020-09-02</subfield>
    <subfield code="y">BK</subfield>
  </datafield>
  <datafield tag="952" ind1=" " ind2=" ">
    <subfield code="0">0</subfield>
    <subfield code="1">0</subfield>
    <subfield code="4">0</subfield>
    <subfield code="7">0</subfield>
    <subfield code="a">CURAJ</subfield>
    <subfield code="b">CURAJ</subfield>
    <subfield code="d">2012-03-07</subfield>
    <subfield code="g">220.00</subfield>
    <subfield code="l">3</subfield>
    <subfield code="o">519.72 H11L</subfield>
    <subfield code="p">3567</subfield>
    <subfield code="r">2025-01-29</subfield>
    <subfield code="s">2025-01-16</subfield>
    <subfield code="w">2020-09-02</subfield>
    <subfield code="y">BK</subfield>
  </datafield>
  <datafield tag="952" ind1=" " ind2=" ">
    <subfield code="0">0</subfield>
    <subfield code="1">0</subfield>
    <subfield code="4">0</subfield>
    <subfield code="7">0</subfield>
    <subfield code="a">CURAJ</subfield>
    <subfield code="b">CURAJ</subfield>
    <subfield code="d">2012-03-07</subfield>
    <subfield code="g">220.00</subfield>
    <subfield code="l">3</subfield>
    <subfield code="o">519.72 H11L</subfield>
    <subfield code="p">3566</subfield>
    <subfield code="r">2024-11-21</subfield>
    <subfield code="s">2023-02-03</subfield>
    <subfield code="w">2020-09-02</subfield>
    <subfield code="y">BK</subfield>
  </datafield>
  <datafield tag="952" ind1=" " ind2=" ">
    <subfield code="0">0</subfield>
    <subfield code="1">0</subfield>
    <subfield code="2">ddc</subfield>
    <subfield code="4">0</subfield>
    <subfield code="7">0</subfield>
    <subfield code="8">TXB</subfield>
    <subfield code="a">CURAJ</subfield>
    <subfield code="b">CURAJ</subfield>
    <subfield code="d">2021-02-25</subfield>
    <subfield code="e">MTH</subfield>
    <subfield code="l">2</subfield>
    <subfield code="o">519.72 H11L</subfield>
    <subfield code="p">35435</subfield>
    <subfield code="r">2023-05-24</subfield>
    <subfield code="s">2023-05-12</subfield>
    <subfield code="w">2021-02-25</subfield>
    <subfield code="y">BK</subfield>
  </datafield>
  <datafield tag="952" ind1=" " ind2=" ">
    <subfield code="0">0</subfield>
    <subfield code="1">0</subfield>
    <subfield code="2">ddc</subfield>
    <subfield code="4">0</subfield>
    <subfield code="7">0</subfield>
    <subfield code="8">TXB</subfield>
    <subfield code="a">CURAJ</subfield>
    <subfield code="b">CURAJ</subfield>
    <subfield code="d">2021-02-25</subfield>
    <subfield code="e">MTH</subfield>
    <subfield code="l">3</subfield>
    <subfield code="o">519.72 H11L</subfield>
    <subfield code="p">35436</subfield>
    <subfield code="r">2025-02-18</subfield>
    <subfield code="s">2025-02-05</subfield>
    <subfield code="w">2021-02-25</subfield>
    <subfield code="y">BK</subfield>
  </datafield>
  <datafield tag="952" ind1=" " ind2=" ">
    <subfield code="0">0</subfield>
    <subfield code="1">0</subfield>
    <subfield code="2">ddc</subfield>
    <subfield code="4">0</subfield>
    <subfield code="7">0</subfield>
    <subfield code="8">TXB</subfield>
    <subfield code="a">CURAJ</subfield>
    <subfield code="b">CURAJ</subfield>
    <subfield code="d">2021-02-25</subfield>
    <subfield code="e">MTH</subfield>
    <subfield code="l">5</subfield>
    <subfield code="o">519.72 H11L</subfield>
    <subfield code="p">35437</subfield>
    <subfield code="r">2025-08-28</subfield>
    <subfield code="s">2025-08-14</subfield>
    <subfield code="w">2021-02-25</subfield>
    <subfield code="y">BK</subfield>
  </datafield>
  <datafield tag="952" ind1=" " ind2=" ">
    <subfield code="0">0</subfield>
    <subfield code="1">0</subfield>
    <subfield code="2">ddc</subfield>
    <subfield code="4">0</subfield>
    <subfield code="7">0</subfield>
    <subfield code="8">TXB</subfield>
    <subfield code="a">CURAJ</subfield>
    <subfield code="b">CURAJ</subfield>
    <subfield code="d">2021-02-25</subfield>
    <subfield code="e">MTH</subfield>
    <subfield code="l">2</subfield>
    <subfield code="o">519.72 H11L</subfield>
    <subfield code="p">35438</subfield>
    <subfield code="r">2025-12-17</subfield>
    <subfield code="s">2025-12-02</subfield>
    <subfield code="w">2021-02-25</subfield>
    <subfield code="y">BK</subfield>
  </datafield>
  <datafield tag="952" ind1=" " ind2=" ">
    <subfield code="0">0</subfield>
    <subfield code="1">0</subfield>
    <subfield code="2">ddc</subfield>
    <subfield code="4">0</subfield>
    <subfield code="7">0</subfield>
    <subfield code="8">TXB</subfield>
    <subfield code="a">CURAJ</subfield>
    <subfield code="b">CURAJ</subfield>
    <subfield code="d">2021-02-25</subfield>
    <subfield code="e">MTH</subfield>
    <subfield code="o">519.72 H11L</subfield>
    <subfield code="p">35439</subfield>
    <subfield code="r">2021-02-25</subfield>
    <subfield code="w">2021-02-25</subfield>
    <subfield code="y">BK</subfield>
  </datafield>
</record>
